000 01046nam a2200241Ia 4500
003 Ost
005 20260507075244.0
008 260507s9999||||xx |||||||||||||| ||und||
040 _cfsecg
041 _aara
082 _a330
100 _aصبرة، سمر توفيق
_eمؤلف
245 0 _aمبادئ التسويق :
_bمدخل معاصر /
_c سمر توفيق صبرة
260 _aعمان:
_bدار الاعصار العلمي,
_c2010
300 _a231 صفحة؛
_bإيضاحات ؛
_c24 سم
504 _aمراجع ص.231
520 _aمقدمة في التسويق ، البيئة التسويقية ، تقسيم السوق ، سلوك المستهلك ، سياسات و قرارلت السلع ، تطوير السلع الجديدة ، التسعير ، التوزيع ، الترويج ، التسويق الالكتروني .
653 _aأدارة المبيعات
653 _aالبيئة التسويقية
653 _aالتسويق
653 _aالتسويق الالكتروني
942 _cكتاب
999 _c43640
_d43640